<?xml version="1.0" encoding="UTF-8"?><?xml-stylesheet type="text/xsl" href="static/style.xsl"?><OAI-PMH xmlns="http://www.openarchives.org/OAI/2.0/" xmlns:xsi="http://www.w3.org/2001/XMLSchema-instance" xsi:schemaLocation="http://www.openarchives.org/OAI/2.0/ http://www.openarchives.org/OAI/2.0/OAI-PMH.xsd"><responseDate>2026-06-29T02:43:52Z</responseDate><request verb="GetRecord" identifier="oai:docta.ucm.es:20.500.14352/102395" metadataPrefix="marc">https://docta.ucm.es/rest/oai/request</request><GetRecord><record><header><identifier>oai:docta.ucm.es:20.500.14352/102395</identifier><datestamp>2025-03-18T15:21:50Z</datestamp><setSpec>com_20.500.14352_14</setSpec><setSpec>col_20.500.14352_15</setSpec></header><metadata><record xmlns="http://www.loc.gov/MARC21/slim" xmlns:dcterms="http://purl.org/dc/terms/" xmlns:xsi="http://www.w3.org/2001/XMLSchema-instance" xmlns:doc="http://www.lyncode.com/xoai" xsi:schemaLocation="http://www.loc.gov/MARC21/slim http://www.loc.gov/standards/marcxml/schema/MARC21slim.xsd">
   <leader>00925njm 22002777a 4500</leader>
   <datafield ind2=" " ind1=" " tag="042">
      <subfield code="a">dc</subfield>
   </datafield>
   <datafield ind2=" " ind1=" " tag="720">
      <subfield code="a">García Boedo, Lara</subfield>
      <subfield code="e">author</subfield>
   </datafield>
   <datafield ind2=" " ind1=" " tag="720">
      <subfield code="a">Burgueño Torres, Laura</subfield>
      <subfield code="e">author</subfield>
   </datafield>
   <datafield ind2=" " ind1=" " tag="720">
      <subfield code="a">Nova García, Manuel Joaquín De</subfield>
      <subfield code="e">author</subfield>
   </datafield>
   <datafield ind2=" " ind1=" " tag="260">
      <subfield code="c">2024-02-26</subfield>
   </datafield>
   <datafield ind2=" " ind1=" " tag="520">
      <subfield code="a">Osteogenesis imperfecta is a disorder characterized by osteopenia and bone fragility. Con sidering that orthopantomography is a routine diagnostic test in growing patients, it can be used to analyze bone density in these patients. The study sample consisted of 21 child patients diagnosed with OI, under medical treatment with antiresorptives and for whom orthopantomography was available, analyzed and compared with 20 healthy children. The panoramic radiographs were ana lyzed and the radiomorphometric indices and fractal dimension were measured after first selecting the areas of interest to be studied. The results showed that fractal dimension of the basal cortical bone was lower in the study group, and MCW was lower in patients with osteogenesis imperfecta. In addition, MCW and fractal dimension were lower with higher number of treatment cycles re ceived. In light of the results obtained, we can conclude that panoramic radiography can be useful in analyzing changes in bone mineral density in these patients throughout the course of treatment.</subfield>
   </datafield>
   <datafield ind1="8" ind2=" " tag="024">
      <subfield code="a">García-Boedo L, Burgueño-Torres L, de Nova-García MJ. Application of Orthopantomography in the Analysis of Bone Mineral Density in Patients with Osteogenesis Imperfecta. Applied Sciences. 2024; 14(5):1954</subfield>
   </datafield>
   <datafield ind1="8" ind2=" " tag="024">
      <subfield code="a">2076-3417</subfield>
   </datafield>
   <datafield ind1="8" ind2=" " tag="024">
      <subfield code="a">10.3390/app14051954</subfield>
   </datafield>
   <datafield ind1="8" ind2=" " tag="024">
      <subfield code="a">https://hdl.handle.net/20.500.14352/102395</subfield>
   </datafield>
   <datafield ind1="8" ind2=" " tag="024">
      <subfield code="a">https//doi.org/10.3390/app14051954
</subfield>
   </datafield>
   <datafield ind1="8" ind2=" " tag="024">
      <subfield code="a">https://www.mdpi.com/2076-3417/14/5/1954</subfield>
   </datafield>
   <datafield ind2="0" ind1="0" tag="245">
      <subfield code="a">Application of orthopantomography in the analysis of bone mineral density in patients with osteogenesis imperfecta</subfield>
   </datafield>
</record></metadata></record></GetRecord></OAI-PMH>